Culture Générale - Clic Quiz - La réponse est en emoji par IA #14 - Statistiques

Statistiques générales
  • Ce quiz a été pris 217 fois
  • Le résultat moyen est 21 sur 40
Statistiques - réponses
Hint Réponse % Correct
Mr Propre
95%
Kylian Mbappé
92%
LeBron James
89%
Ryan Gosling
82%
Vin Diesel
82%
Marty McFly
76%
François Mitterand
74%
Ángel Di María
70%
Ice Cube
67%
Ben Stiller
64%
Patrick Balkany
62%
Matt LeBlanc
61%
Augusto Pinochet
58%
Kimi Räikkönen
58%
Max Verstappen
58%
Mobutu Sese Seko
57%
Khabib Nurmagomedov
56%
Nicola Sirkis
54%
Patrick Dempsey
53%
Jeffrey Epstein
52%
Vladimir Ilitch Lénine
49%
Sheev Palpatine
49%
Wout van aert
45%
Pol Pot
44%
Manu Chao
44%
Bon Jovi
43%
Rick Grimes
42%
Édouard Manet
42%
Kurt Russell
40%
Andrea Bocelli
40%
Laurent Gbagbo
39%
Michael Corleone
39%
Ferdinand de Saussure
35%
Patrick Bateman
34%
Negan Smith
34%
J.D. Vance
33%
Terence Hill
33%
Franz Kafka
29%
Eric Clapton
23%
Josh Homme
15%
Aucun quiz correspondant
Distribution des résultats
% des personnes avec chaque résultat
Percentile par nombre de réponses
Votre historique - résultats
Vous n’avez pas pris ce quiz